[Event "Sparkassen Open 2018"]
[Site "Heusenstamm"]
[Date "2018.11.23"]
[Round "3"]
[White "Khaetsky, Roman"]
[Black "Thomas, Ingo"]
[Result "1-0"]
[WhiteElo "2347"]
[BlackElo "2130"]
[Annotator "TA"]
[PlyCount "45"]
[EventDate "2018.11.22"]
[EventType "swiss"]
[EventCountry "GER"]

{[%evp 23,44,26,16,9,514,512,481,486,29986,29987,29987,29988,29988,29989,29989,29990,29990,29991,29993,29994,29998,29999,29999]} 1. e4 {[%cal Be2e4,Be4e5][%mdl 32]} Nc6 2. Nf3 Nf6 3. e5 Nd5 4. d4 d6 5. c4 Nb6 6. e6 fxe6 7. Nc3 g6 8. h4 {B04: Alekhine's Defence: 4 Nf3} Bg7 9. h5 e5 10. d5 Nd4 11. hxg6 hxg6 12. Rxh8+ Bxh8 {LiveBook: 5 Games} 13. Bd3 Bf5 $2 {[%mdl 8192]} (13... c6 $11) 14. Nxd4 $18 exd4 15. Bxf5 {[%mdl 64] [#] Overworked Piece} gxf5 (15... c6 $18 16. Bxg6+ Kd7) 16. Qh5+ {[%mdl 64] Double Attack. White mates.} Kd7 17. Qxf5+ Ke8 18. Qh5+ Kd7 19. Qh3+ Ke8 $146 20. Qxh8+ {[%mdl 64] [#] Double Attack} Kf7 21. Qh7+ Kf6 22. Ne4+ Ke5 23. f4# 1-0

[Event "Sparkassen Open 2018"]
[Site "Heusenstamm"]
[Date "2018.11.23"]
[Round "3"]
[White "Hahn, Markus"]
[Black "Sumets, Andrey"]
[Result "0-1"]
[WhiteElo "2271"]
[BlackElo "2580"]
[Annotator "TA"]
[PlyCount "76"]
[EventDate "2018.11.22"]
[EventType "swiss"]
[EventCountry "GER"]

{[%evp 23,76,-41,-38,-78,0,-3,0,0,0,-32,-37,-34,-19,-50,-52,-46,-40,-35,-34,-77,-18,-94,-53,-76,-70,-72,-70,-96,-88,-155,-64,-137,-67,-83,-83,-161,-138,-197,-182,-163,-102,-207,-204,-220,-220,-207,-193,-572,-582,-563,-561,-971,-964,-895,-125]} 1. d4 Nf6 2. c4 e6 3. Nf3 d5 4. g3 Be7 5. Bg2 O-O 6. O-O c6 7. Qc2 b6 8. Nbd2 Bb7 9. e4 Na6 10. e5 Nd7 11. a3 {E06: Closed Catalan: Early deviations} c5 12. cxd5 Bxd5 {LiveBook: 3 Games} 13. dxc5 {[%cal Bd4c5,Bc5c6,Bc6c7][%mdl 32] [#] Black is slightly better.} Qc8 $146 ({Black should try} 13... Rc8 $1 $17 14. b4 bxc5) ({Predecessor:} 13... Rc8 14. b4 bxc5 15. b5 Nc7 16. Rb1 Rb8 17. a4 a6 18. bxa6 Nxa6 {½-½ (30) Vishnu,P (2467)-Vidit,S (2606) Dharamshala 2014}) 14. c6 $11 Nab8 15. c7 $1 {aiming for Nd4.} Na6 16. b4 Qb7 17. Bb2 Rfc8 18. Rfc1 Nxc7 19. Qd3 a5 20. Bc3 axb4 21. axb4 Na6 (21... Rxa1 $17 22. Rxa1 Nb5 $1 {[%mdl 512]} 23. Qxb5 Rxc3) 22. b5 (22. Qd4 $1 $11 {remains equal.}) 22... Nac5 23. Qd4 Ne4 24. Nxe4 Bxe4 25. Ne1 Bxg2 26. Nxg2 (26. Rxa8 $142 Rxa8 27. Nxg2) 26... Nc5 (26... Rxa1 $1 $17 27. Rxa1 Nxe5 $1 {[%mdl 512]} 28. Qxe5 Bf6) 27. Qd1 ({White should play} 27. Rxa8 $15 Rxa8 28. Qg4) 27... Qe4 (27... Ne4 $17 28. Be1 Rxa1 29. Rxc8+ Qxc8 30. Qxa1 Ng5) 28. Rxa8 $15 Rxa8 29. Ra1 (29. Qe1 $17) 29... Rd8 $1 $19 {[%cal Rd8d1,Ba8d8,Bd8d5,Bd5d1][%mdl 32]} 30. Qf1 {[#]} (30. Qe1 $17) 30... Nd3 $1 31. Rd1 h5 ({Better is} 31... Rd5 $19 32. Ra1 Rc5) 32. Ne3 {[#]} (32. Ne1 $17 Nxe5 33. Rxd8+ Bxd8 34. Qg2 Qxg2+ 35. Kxg2) 32... Bc5 $1 ({Don't take} 32... Nxe5 33. Bxe5 Qxe5 34. Rxd8+ Bxd8 35. Qc4 $17) 33. Qe2 {[#]} Rd5 $1 {[%mdl 512]} 34. Rd2 (34. Nxd5 Qxe2) 34... Bxe3 $40 {[%mdl 128] Black wants a kill.} 35. Qxe3 $2 (35. fxe3 {nothing else works.} Kf8 36. h4) 35... Qc4 {[%mdl 64] Double Attack. Black is clearly winning.} 36. Bb2 Nxb2 {[%mdl 64] Overworked Piece} 37. Rxb2 Rd1+ 38. Kg2 Qf1+ {Accuracy: White = 39%, Black = 67%.} 0-1

[Event "Sparkassen Open 2018"]
[Site "Heusenstamm"]
[Date "2018.11.23"]
[Round "3"]
[White "Heimrath, Reiner"]
[Black "Noe, Christopher"]
[Result "0-1"]
[WhiteElo "2262"]
[BlackElo "2529"]
[Annotator "TA"]
[PlyCount "88"]
[EventDate "2018.11.22"]
[EventType "swiss"]
[EventCountry "GER"]

{[%evp 17,88,3,16,-29,-25,-23,-21,-19,-22,-24,-18,-22,-11,-45,-45,-41,-19,-45,-16,-14,-16,-16,13,-12,-20,-29,0,-47,-31,-47,-39,-43,-43,-45,-45,-46,-42,-73,-70,-100,-66,-161,-102,-178,-163,-496,-496,-496,-496,-496,-496,-496,-496,-558,-551,-551,-543,-515,-477,-479,-450,-29977,-29978,-29978,-29979,-29987,-29988,-29988,-29989,-29988,-29985,-29990,-29991]} 1. e4 c5 2. Nc3 e6 3. g3 Nc6 4. Bg2 Nf6 5. Nge2 Be7 6. O-O O-O 7. h3 a6 8. d4 cxd4 9. Nxd4 Qc7 {LiveBook: 15 Games} 10. b3 {B47: Sicilian: Taimanov: 5 Nc3 Qc7 6 f4, 6 g3 and 6 Be2} b5 11. Nxc6 dxc6 12. Bb2 {The position is equal.} Bb7 $146 {[%cal Bc8b7,Bb7d5,Bd5c6][%mdl 32]} ({Predecessor:} 12... e5 13. Qe2 a5 14. Rfd1 Be6 15. a4 b4 16. Nb1 Nd7 17. Nd2 Nb6 {0-1 (29) Rieke,T (2300)-Landa,K (2510) Oberwart 1994}) 13. Qc1 c5 14. e5 Nd7 15. Ne4 Nxe5 16. Qf4 f6 17. Rae1 Bd5 {[#]} 18. c4 $1 {[%mdl 512]} bxc4 19. bxc4 Rab8 20. Bxe5 fxe5 21. Qc1 Bc6 22. Qa3 Rb4 23. Qxa6 Ra8 $36 {[%mdl 2048] Black has some pressure.} 24. Nf6+ gxf6 25. Qxc6 Qxc6 26. Bxc6 Rxa2 27. Bb5 Rbb2 28. Re4 h6 29. Rh4 {[#]} (29. Be8 $15) 29... Kg7 ({Black should try} 29... Bf8 $1 $19 30. Re4 Bg7) 30. Rg4+ (30. Re4 $17) 30... Kf7 $19 31. Rh4 $2 {[#]} (31. Re4 {nothing else works.}) 31... f5 $1 32. Rxh6 Bg5 33. Rh7+ Kg8 34. Rb7 {[#]} Be3 $1 {[%mdl 512]} 35. Bc6 {Threatens to win with Rxb2.} ({Not} 35. Rb8+ Kg7) (35. fxe3 Rg2+) 35... Bxf2+ 36. Kh1 Rxb7 37. Bxb7 Bxg3 {[%mdl 4096] Endgame And now ...e4 would win. KRB-KRB} 38. Bc8 Kf7 39. Rd1 (39. Bb7 $19) 39... e4 {[%cal Be5e4,Be4e3,Be3e2][%mdl 32] Black mates.} 40. Rb1 e3 41. Rb7+ Kf6 42. Rb6 e2 {[%cal Re2e1]} 43. Rxe6+ Kg5 44. h4+ Kf4 {Precision: White = 26%, Black = 70%.} 0-1

[Event "Sparkassen Open 2018"]
[Site "Heusenstamm"]
[Date "2018.11.23"]
[Round "3"]
[White "Siddharth, Jagadeesh"]
[Black "Pap, Misa"]
[Result "0-1"]
[WhiteElo "2215"]
[BlackElo "2473"]
[Annotator "TA"]
[PlyCount "108"]
[EventDate "2018.11.22"]
[EventType "swiss"]
[EventCountry "GER"]

{[%evp 18,108,56,24,20,19,36,0,4,0,0,0,4,0,18,15,7,0,0,-11,-10,-10,-10,-11,-14,-35,-34,-26,-28,-83,-58,-62,-83,-68,-70,-72,-56,-122,-79,-75,-82,-95,-38,-52,-31,-30,-35,-51,-54,-55,-32,-32,-32,-57,-32,-33,-33,-36,-36,-39,-31,-32,-33,-30,-19,-45,-35,-48,-48,-154,-155,-216,-209,-176,-187,-396,-382,-841,-823,-767,-770,-737,-725,-737,-725,-5065,-5065,-5065,-5065,-1707,-989,-1008,-852]} 1. d4 f5 2. g3 Nf6 3. Bg2 g6 4. Nf3 Bg7 5. O-O O-O 6. c4 d6 7. Nc3 c6 8. b3 a5 9. Bb2 Na6 10. d5 Bd7 {A88: Dutch Defence: Leningrad System: 5 Nf3 0-0 6 0-0 d6 7 Nc3 c6} 11. Nd4 {[%cal Rd5c6]} cxd5 12. cxd5 (12. Nxd5 Nc5 13. Rb1 Nfe4 14. e3 Rc8 15. h4 Rf7 16. Ba1 h6 17. a4 g5 18. hxg5 hxg5 {0-1 (31) Kasimdzhanov,R (2699)-Kamsky,G (2741) Thessaloniki 2013}) 12... Nc5 {The position is equal.} 13. Rc1 $146 ({Predecessor:} 13. e3 Qb6 14. Rb1 Rac8 15. Ba1 Qa6 16. Re1 Nce4 17. Nxe4 Nxe4 18. Bf1 {0-1 (42) Hristov,P (1999)-Filev,G (2323) Teteven 2014}) 13... Qb6 14. Ba1 Rfc8 15. Qd2 Qb4 16. Nc2 Qb6 17. Nd4 Rc7 18. h3 Rac8 19. Qe3 Nce4 $1 20. Nxe4 Nxd5 ({Much worse is} 20... fxe4 21. Rxc7 Qxc7 22. g4 $14) 21. Nf6+ {[%mdl 64] [#] Discovered Attack} Nxf6 22. Rxc7 Qxc7 23. Qxe7 (23. Ne6 $11 {keeps the balance.} Bxe6 24. Qxe6+ Kh8 25. Bb2) 23... Re8 $36 {[%mdl 2048] Black is more active.} 24. Ne6 {[%csl Ge6][%cal Re7g7]} Rxe7 25. Nxc7 Rxe2 26. Bxb7 Rxa2 27. Rd1 (27. b4 $15 Ra4 28. b5) 27... Rc2 28. Bxf6 Bxf6 29. Nd5 Bb2 (29... Be5 $17 30. Ne3 Rc3) 30. Ne3 $15 Rc1 31. Rxc1 Bxc1 {[%mdl 4096] Endgame KBB-KBN} 32. Nc4 Be6 {Threatens to win with ...a4!} 33. Nxa5 Bd2 34. Nc4 Bb4 35. Kf1 Kf7 36. Ke2 Bc5 37. f4 Ke7 38. Bf3 d5 39. Ne5 Kd6 40. g4 Bg1 41. Nd3 d4 42. gxf5 gxf5 43. Ne5 ({White should try} 43. b4 $15) 43... Bxb3 $17 44. Kd3 (44. Bb7 $17) 44... Kc5 $19 45. Nd7+ Kb4 46. Nb6 $2 {[#]} (46. Ne5) 46... Ba2 $1 47. Nd5+ $2 (47. Kd2) 47... Kc5 {Black is clearly winning.} 48. Nf6 Bb1+ 49. Ke2 d3+ {[%cal Bd4d3,Bd3d2][%mdl 32]} 50. Kf1 Be3 51. Nxh7 Bc2 52. Ng5 Kd6 53. Nf7+ Ke6 54. Ne5 d2 {Accuracy: White = 34%, Black = 69%.} 0-1

[Event "Sparkassen Open 2018"]
[Site "Heusenstamm"]
[Date "2018.11.23"]
[Round "3"]
[White "Bethke, Richard"]
[Black "Gutman, Lev"]
[Result "1-0"]
[WhiteElo "2192"]
[BlackElo "2434"]
[Annotator "TA"]
[PlyCount "79"]
[EventDate "2018.11.22"]
[EventType "swiss"]
[EventCountry "GER"]

{[%evp 22,79,0,-10,27,12,86,88,156,116,91,68,126,89,132,126,133,145,172,172,170,166,191,178,172,192,181,83,218,160,248,243,316,287,379,378,454,445,435,395,498,498,835,835,828,801,754,760,1322,741,777,763,759,595,1250,1200,1149,0,1176,1093]} 1. e4 c5 2. Nf3 d6 3. d4 cxd4 4. Nxd4 Nf6 5. Nc3 a6 6. Be3 e5 7. Nf3 Be7 8. Bc4 O-O 9. O-O Nc6 10. Qe2 Na5 {B90: Sicilian Najdorf: Unusual White 6th moves, 6 Be3 Ng4 and 6 Be3 e5} 11. Bd5 Be6 12. Rfd1 {LiveBook: 7 Games} Qc8 {The position is equal.} (12... Qc7 13. Bxe6 fxe6 14. Ng5 Qc4 15. Qxc4 Nxc4 16. Nxe6 Rfc8 17. Bc1 h6 18. Nd5 Nxd5 19. exd5 Nb6 20. Be3 Nc4 21. Bc1 Nb6 22. Be3 {½-½ (22) Timman,J (2562)-Giri,A (2752) Amstelveen 2017}) 13. Bg5 Nc4 $146 (13... Qc7 $11 {remains equal.}) ({Predecessor:} 13... Qc7 14. Bxf6 Bxf6 15. Bb3 Rac8 16. Rac1 b5 17. Nd5 Bxd5 18. Bxd5 {0-1 (52) Lobzhanidze,D (2496)-Van der Stricht,G (2390) Netherlands 2010}) 14. Bxf6 gxf6 ({Black should play} 14... Bxf6 15. Qxc4 Qxc4 16. Bxc4 Bxc4) 15. Bxc4 Bxc4 16. Qd2 Qg4 (16... f5 $14) 17. Nd5 Bxd5 18. Qxd5 b5 19. Rd3 {Threatens to win with Nd4!} Kh8 20. h3 $36 {[%mdl 2048] White is really pushing.} Qe6 {[#]} 21. Nh4 $1 Rac8 22. Nf5 Rxc2 23. Qb7 ({Don't do} 23. Qxe6 $6 fxe6 24. Nxe7 Re8 $14) 23... Re8 24. b3 (24. Qxa6 $18 {is more deadly.} Rxb2 25. Rb3 Rxb3 26. axb3) 24... Bf8 (24... Qc8 $16 {keeps fighting.} 25. Qxc8 Rcxc8) 25. Rd5 Rc5 (25... Re2 $16) 26. Rad1 $18 {[%cal Rd5d6] [#] aiming for Rxd6.} Rxd5 27. Rxd5 Qc8 28. Qxf7 Qc1+ 29. Kh2 Qf4+ 30. Ng3 Ra8 31. Rd3 Qxf2 (31... f5 $142 32. Rf3 Qh6 33. Nxf5 Qg6) 32. Nf5 Qa7 33. Qxf6+ Bg7 34. Qxd6 {Threatening mate with Qd8+!} ({Less strong is} 34. Nxg7 Qxg7 35. Qxg7+ (35. Rxd6 Qxf6 36. Rxf6 Kg7 $18) 35... Kxg7 $18) 34... Qf7 35. Rg3 Qf6 36. Qc5 Qf8 37. Qc6 Bf6 38. Nh6 {Intending Qxa8! and mate.} Bg7 39. Nf5 Bf6 $1 40. Qe6 {Accuracy: White = 52%, Black = 21%.} 1-0

[Event "Sparkassen Open 2018"]
[Site "Heusenstamm"]
[Date "2018.11.23"]
[Round "3"]
[White "Goossens, Hanne"]
[Black "Fruebing, Stefan"]
[Result "0-1"]
[WhiteElo "2176"]
[BlackElo "2406"]
[Annotator "TA"]
[PlyCount "42"]
[EventDate "2018.11.22"]
[EventType "swiss"]
[EventCountry "GER"]

{[%evp 15,42,29,52,27,39,22,39,0,10,9,19,0,0,-17,-23,-48,-36,-95,-74,-220,-229,-341,-339,-342,-339,-665,-677,-672,-662]} 1. e4 e5 2. Nf3 Nc6 3. Bc4 Bc5 4. c3 Nf6 5. d3 O-O 6. O-O d5 7. exd5 Nxd5 8. Nbd2 {C54: Giuoco Piano: 4 c3 Nf6, main lines with 5 d4 and 5 d3} (8. a4 Bf5 9. Nbd2 Nb6 10. Bb5 Bxd3 11. Re1 e4 12. Nxe4 Bxe4 13. Qxd8 Rfxd8 14. Rxe4 Rd1+ 15. Re1 Rxe1+ 16. Nxe1 {½-½ (55) Vachier Lagrave,M (2779)-Nakamura,H (2777) Saint Louis 2018}) 8... a6 {LiveBook: 8 Games} 9. Ne4 Ba7 10. b4 {White is slightly better.} Bf5 11. Bg5 f6 12. Bd2 Kh8 13. Nh4 $146 ({Predecessor:} 13. Qe2 Qd7 14. Rfd1 Rae8 15. Bxd5 Qxd5 {1-0 (77) Peptan,C (2050)-Fruteau,S (2050) Mamaia 1991}) 13... Be6 14. Qh5 {[#] Threatens to win with Ng6+.} Qe8 15. Qf3 Rd8 16. Bb3 ({Better is} 16. Rfe1 $15) 16... Qd7 17. Qg3 (17. Qh5 $17 {was necessary.} Nde7 18. Bxe6 Qxe6 19. Be3) 17... g5 $19 18. Bxg5 (18. Nf3 $142) 18... fxg5 19. Qxg5 Nf4 20. Nf6 $2 {[#]} (20. Qh6) 20... Qe7 21. Nxh7 Kxh7 {Precision: White = 12%, Black = 58%.} 0-1

[Event "Sparkassen Open 2018"]
[Site "Heusenstamm"]
[Date "2018.11.23"]
[Round "3"]
[White "Schulze, Lara"]
[Black "Hacker, Jonas"]
[Result "1-0"]
[WhiteElo "2167"]
[BlackElo "2350"]
[Annotator "TA"]
[PlyCount "91"]
[EventDate "2018.11.22"]
[EventType "swiss"]
[EventCountry "GER"]

{[%evp 24,91,-17,-20,40,48,41,28,40,-18,-10,-14,-12,-42,-11,-16,25,45,26,7,35,43,91,84,53,0,0,0,0,0,14,0,0,0,0,-25,-22,-36,-34,-34,-34,-39,0,0,0,0,0,0,0,0,0,0,64,38,38,38,38,28,24,8,29960,29959,29962,12850,29974,29975,29991,29992,29993,29994]} 1. e4 e5 2. Nf3 Nc6 3. Bc4 Nf6 4. d3 Bc5 5. c3 a6 6. O-O d6 7. Bb3 Ba7 8. Nbd2 h6 {C54: Giuoco Piano: 4 c3 Nf6, main lines with 5 d4 and 5 d3} 9. Re1 g5 {[%cal Bg7g5,Bg5g4][%mdl 32]} (9... Nh5 10. Nf1 Qf6 11. Ne3 Nf4 12. Nd5 Nxd5 13. exd5 Ne7 14. d4 exd4 15. Nxd4 O-O 16. Be3 {½-½ (101) Amin,B (2689)-Bu,X (2730) Riadh 2017}) 10. Nf1 g4 11. N3d2 h5 12. Nc4 h4 13. Be3 {LiveBook: 14 Games} Bd7 (13... h3 $1 $11) 14. Bxa7 $14 Nxa7 15. d4 Qe7 16. Nce3 {[#]} (16. Nfe3 $14) 16... O-O-O $146 17. Nf5 Bxf5 18. exf5 Rh5 19. Bc2 Rg5 20. dxe5 dxe5 21. Qe2 {[#] And now Qe3 would win.} Nd7 22. a4 f6 23. b4 Kb8 24. g3 ({White should play} 24. Rad1 $14) 24... hxg3 25. fxg3 Nc8 26. Nd2 Nd6 27. Ne4 Nxe4 $1 28. Bxe4 Nb6 $1 29. Red1 Rxd1+ 30. Qxd1 Nc8 31. Qd5 {[%csl Ge4][%cal Rd5b7]} Nd6 32. Rd1 Nxe4 33. Qxe4 $15 {[%mdl 4096] Endgame KQR-KQR} Qe8 34. a5 {[%cal Ba4a5,Ba5a6,Ba6b7][%mdl 32]} Qc8 35. c4 Rxf5 36. b5 axb5 37. cxb5 Rf3 (37... Rh5 $11) 38. a6 $14 {[%mdl 1024] Threatens to win with Rd8! White has compensation.} Ra3 $1 39. Qb4 $36 {[%mdl 2048] White is more active.} Ra2 40. Qe7 Ka7 $1 ({Not} 40... bxa6 $2 41. Rd8 $18) 41. Qc5+ Kb8 $2 {[%mdl 8192] [#]} (41... b6 $11 42. Qc6 f5) 42. axb7 Qh8 43. h4 {White threatens Rd7 and mate.} gxh3 44. b6 {[%csl Gb6][%cal Rc5c7] White mates.} Rg2+ 45. Kh1 {[%csl Gb6][%cal Rc5c7]} Qh7 46. Qc6 {Precision: White = 78%, Black = 37%.} 1-0

[Event "Sparkassen Open 2018"]
[Site "Heusenstamm"]
[Date "2018.11.23"]
[Round "3"]
[White "Hahn, Florian"]
[Black "Baskin, Robert"]
[Result "1/2-1/2"]
[WhiteElo "2148"]
[BlackElo "2354"]
[Annotator "TA"]
[PlyCount "54"]
[EventDate "2018.11.22"]
[EventType "swiss"]
[EventCountry "GER"]

{[%evp 18,54,0,-11,-11,-13,0,0,0,0,0,-1,7,8,17,8,12,10,22,0,0,-1,-1,-4,15,9,3,18,14,13,12,13,24,0,0,0,0,0,5]} 1. Nf3 d5 2. g3 Bg4 3. Bg2 Nd7 4. c4 e6 5. cxd5 exd5 6. Nc3 Ngf6 7. O-O c6 8. d3 Bc5 9. h3 Bxf3 10. Bxf3 O-O {A11: English Opening: 1...c6} 11. Bg2 (11. e4 dxe4 12. dxe4 Qc7 13. Kg2 Rfe8 14. Qc2 Qe5 15. Bf4 Qe7 16. Kh2 Ne5 17. Bg2 Bd4 18. Ne2 {½-½ (66) Anand,V (2779)-Mchedlishvili,M (2601) Doha 2016}) 11... Qe7 12. e4 dxe4 13. dxe4 Rad8 {[#]} 14. Qe2 $146 ({Predecessor:} 14. Kh2 Rfe8 15. Qc2 Bd4 16. Bf4 Ne5 17. Rad1 Qc5 18. Bxe5 Bxe5 {½-½ (36) Bocharov,D (2560)-Grachev,B (2672) Vladivostok 2014}) 14... Bd4 15. Be3 Nc5 16. Bxd4 Rxd4 17. Rad1 Rfd8 18. Rxd4 Rxd4 19. Rd1 Qd8 20. e5 {[#] Rxd4 is the strong threat.} Rxd1+ 21. Qxd1 Qxd1+ 22. Nxd1 $11 {[%mdl 4096] Endgame KBN-KNN} Nfd7 23. f4 a5 24. Kf2 g5 25. Ke3 gxf4+ {The position is equal.} 26. gxf4 f6 27. exf6 Kf7 {Accuracy: White = 84%, Black = 45%.} 1/2-1/2

[Event "Sparkassen Open 2018"]
[Site "Heusenstamm"]
[Date "2018.11.24"]
[Round "4"]
[White "Sumets, Andrey"]
[Black "Hirneise, Jens"]
[Result "1/2-1/2"]
[WhiteElo "2580"]
[BlackElo "2370"]
[Annotator "TA"]
[PlyCount "67"]
[EventDate "2018.11.22"]
[EventType "swiss"]
[EventCountry "GER"]
[SourceTitle "playchess.com"]
[Source "ChessBase"]
[SourceQuality "1"]

{[%evp 31,67,32,38,23,28,0,3,0,0,0,0,0,0,0,0,0,0,0,0,0,0,0,0,0,0,0,0,0,0,-9,-8,-10,-10,-14,-8,-8,-15,-11]} 1. d4 Nf6 2. c4 g6 3. Nc3 Bg7 4. e4 d6 5. Nf3 O-O 6. Be2 e5 7. O-O exd4 8. Nxd4 Re8 9. f3 Nc6 10. Be3 Nh5 11. Qd2 Nf4 12. Rfd1 Nxd4 13. Bxd4 Bxd4+ 14. Qxd4 Nxe2+ {E94: King's Indian: Classical: 6 Be2 e5 7 0-0: Various Black 7th moves} 15. Nxe2 b6 16. Nc3 Bb7 {LiveBook: 53 Games. White is slightly better.} 17. Rd2 (17. Nd5 Bxd5 18. cxd5 Qg5 19. Rac1 Rac8 20. Qd2 Qe5 21. Qd4 Qg5 22. Qd2 Qe5 23. Qd4 Qg5 24. Qd2 {½-½ (24) Mamedyarov,S (2772)-Radjabov,T (2710) Shamkir 2017}) 17... Qg5 {[#]} 18. Qf2 $146 ({Predecessor:} 18. Kh1 Re7 19. Re1 Rae8 20. Rde2 f5 21. exf5 Rxe2 22. Rxe2 Rxe2 23. Nxe2 Qxf5 {½-½ (37) Gordon,S (2539)-Teterev,V (2508) Paleochora 2018}) 18... f5 {[%cal Rf5e4] The position is equal.} 19. exf5 Qxf5 20. Re2 Rxe2 21. Qxe2 Bc6 22. Qe7 Re8 23. Nd5 {[#] And now Nf6+ would win.} Kh8 24. Qxc7 Bxd5 25. cxd5 Qxd5 $11 {[%mdl 4096] Endgame KQR-KQR} 26. Qd7 Qe5 27. h3 Re7 28. Qd8+ Re8 29. Qd7 Re7 30. Qc8+ Kg7 31. Qc2 Qc5+ 32. Qxc5 bxc5 33. Rd1 Rd7 34. Kf2 {Accuracy: White = 86%, Black = 100%.} 1/2-1/2

[Event "Sparkassen Open 2018"]
[Site "Heusenstamm"]
[Date "2018.11.24"]
[Round "4"]
[White "Noe, Christopher"]
[Black "Gschnitzer, Adrian"]
[Result "0-1"]
[WhiteElo "2529"]
[BlackElo "2365"]
[Annotator "TA"]
[PlyCount "48"]
[EventDate "2018.11.22"]
[EventType "swiss"]
[EventCountry "GER"]
[SourceTitle "playchess.com"]
[Source "ChessBase"]
[SourceQuality "1"]

{[%evp 13,48,6,6,0,0,0,0,0,0,-194,-189,-187,-178,-186,-192,-187,-186,-180,-180,-187,-187,-334,-318,-366,-354,-510,-509,-501,-496,-501,-498,-580,-593,-597,-582,-582,-574]} 1. d4 Nf6 2. Nf3 c5 3. c4 cxd4 4. Nxd4 Nc6 5. g3 e6 6. Nc3 Qb6 7. Ndb5 Ne5 8. Bf4 {A33: Symmetrical English: 2 Nf3 Nf6 3 d4 cxd4 4 Nxd4 e6 5 Nc3 Nc6} Nfg4 $1 9. e3 a6 10. Qa4 {The position is equal.} Ra7 11. Nxa7 $146 (11. h3 $1 $11 {and White has nothing to worry.} axb5 12. Qxb5) ({Predecessor:} 11. h3 axb5 12. Qxb5 Qc6 13. hxg4 Qxh1 14. Bxe5 Qc6 15. Bd4 Ra8 {½-½ (41) Topalov,V (2780)-Caruana,F (2794) Moscow 2016}) 11... Qxb2 $19 {[%mdl 64] [#] ( -> ...Nf3+). Double Attack} 12. Be2 {0-0 is the strong threat.} Qxc3+ (12... Qxa1+ 13. Nd1 $14) 13. Kf1 {Hoping for Qb3.} Qxa1+ 14. Kg2 Qb2 15. Qd1 Qb6 (15... Qxa2 16. Nxc8 h6 17. Rf1 $17 (17. Bxg4 Nxg4 18. Qxg4 Qxc4 $15)) 16. Nxc8 Qc6+ {[%mdl 64] Double Attack} 17. e4 (17. f3 {keeps fighting.}) 17... g5 (17... Qxc8 18. Bxg4 Nxg4 19. Qxg4 $17) (17... Nxc4 18. Bxc4 Qxe4+ 19. Qf3 $11) (17... Qxe4+ 18. Bf3 $17) 18. Bxg5 Rg8 ({Less strong is} 18... Qxc8 19. Bxg4 Rg8 20. Be2 $17) (18... Qxe4+ 19. Bf3 $19) 19. Bf4 (19. Bc1 $142 Qxe4+ 20. f3 Ne3+ {[%mdl 64] Double Attack} 21. Kg1 Nxd1 22. fxe4) 19... Qxe4+ {Black is clearly winning.} ({Not} 19... Qxc8 20. f3 $15) 20. f3 {[#]} Qxf4 $1 {[%mdl 576] Remove Defender} 21. gxf4 ({But not} 21. Nd6+ Bxd6 22. gxf4 Ne3+ 23. Kh3 Nxd1) 21... Ne3+ {[%mdl 64] Double Attack, Discovered Attack (Double check)} 22. Kh3 Nxd1 23. Rxd1 Ng6 24. Kg3 {and the idea Nd6+ leaves White hopeful.} Ne7+ {[%mdl 64] Discovered Attack (Double check)} 0-1

[Event "Sparkassen Open 2018"]
[Site "Heusenstamm"]
[Date "2018.11.24"]
[Round "4"]
[White "Pap, Misa"]
[Black "Bethke, Richard"]
[Result "1-0"]
[WhiteElo "2473"]
[BlackElo "2192"]
[Annotator "TA"]
[PlyCount "96"]
[EventDate "2018.11.22"]
[EventType "swiss"]
[EventCountry "GER"]
[SourceTitle "playchess.com"]
[Source "ChessBase"]
[SourceQuality "1"]

{[%evp 33,96,20,19,24,26,22,27,27,27,22,36,29,29,31,64,35,40,41,93,75,77,81,83,86,74,84,81,75,74,70,75,70,91,88,74,10,19,0,10,0,6,0,0,0,0,0,0,0,0,0,31,31,48,43,81,86,115,118,113,111,109,102,84,14,61]} 1. e4 c5 2. c3 Nf6 3. e5 Nd5 4. Nf3 Nc6 5. d4 cxd4 6. cxd4 d6 7. Bc4 Nb6 8. Bb5 dxe5 9. Nxe5 Bd7 10. Nxd7 Qxd7 11. Nc3 e6 12. O-O Be7 13. Qg4 O-O 14. Bxc6 {B22: Sicilian: 2 c3} bxc6 15. Bh6 Bf6 16. Rfd1 (16. Rad1 Kh8 17. Ne4 Qe7 18. Bf4 Rad8 19. Qg3 Rg8 20. Bd6 Qd7 21. Bc7 Rc8 {1-0 (83) Vajda,L (2596)-Markos,J (2572) Slovakia 2017}) 16... Kh8 17. Ne4 Qe7 {LiveBook: 40 Games} 18. Bf4 Rfd8 19. Nxf6 Qxf6 20. Be5 Qg6 21. Qe2 Rac8 22. Rac1 $146 f6 23. Bg3 Qf5 24. Rc5 Rd5 $1 25. Rdc1 h5 (25... h6 $14) 26. h4 Qg4 27. Qxg4 hxg4 28. Rxc6 Rxc6 29. Rxc6 Rxd4 30. Rxe6 $16 {[%mdl 4096] Endgame KRB-KRN} Nc4 31. Kf1 Nxb2 32. Ra6 $1 Ra4 33. Rxa4 Nxa4 {[#] KB-KN} 34. Ke1 ({Better is} 34. Bf4 $1 $16) 34... Nc3 $11 35. a3 Kg8 36. Bd6 Kf7 37. Bb4 Nd5 38. Bc5 Nf4 {Threatens to win with ...Nd3+.} 39. Kf1 a6 40. Be3 Nd5 41. Ke2 f5 42. Kd3 Ke6 43. Bc1 g6 {[#]} 44. Kd4 $1 Nf6 45. Bg5 Ne4 46. Be3 Nf6 47. Bh6 Nd5 48. Bg5 (48. a4 $16) 48... Nc7 {Accuracy: White = 68%, Black = 49%.} 1-0